| 000 | 00698nam a22002537a 4500 | ||
|---|---|---|---|
| 001 | 89318 | ||
| 003 | DO-SdBNP | ||
| 005 | 20231201114913.0 | ||
| 007 | 89318 | ||
| 008 | 931220s1993 sp | ||spa | ||
| 020 | _a8481300144 | ||
| 040 |
_aBPMSU _bspa _cBPMSU |
||
| 082 | 4 |
_aM863.6 _bR926ll 2000 _222 |
|
| 100 | 1 |
_aRulfo, Juan _d1918-1986 |
|
| 245 | 1 | 3 |
_aEl Llano en llamas / _cJuan Rulfo |
| 260 |
_aBarcelona : _bEditorial Debate _c2000 |
||
| 300 |
_a210 p. ; _c21 cm. |
||
| 590 | _aInvetariado, 2023/VM | ||
| 650 | 4 | _a Cuentos mexicanos | |
| 650 | 4 |
_aViolencia _vCuentos |
|
| 651 | 4 |
_aMéxico _xHistoria _yRevolución, 1946 |
|
| 910 | _aVMateo V. Control de calidad. BPMSU | ||
| 942 |
_2ddc _cBK |
||
| 999 |
_c14495 _d14495 |
||